000 00926nam a2200289 i 4500
001 bg
003 BPK
005 20211130150048.0
008 080423s2008 pl a f f |000 0 pol
015 _aPB 12840/2008
020 _a9788373511842
040 _cBPK
041 _apol
080 _a004.032.6
080 _a(075.8)
100 1 _aOlszewski, Aleksander
_d(1944- ).
245 1 0 _aMultimedia /
_cAleksander Olszewski, Jan Pamuła, Mariusz Dański.
260 _aRadom :
_bPolitechnika Radomska. Wydawnictwo,
_ccop. 2008.
300 _a166 s. :
_bil. kolor. ;
_c30 cm.
504 _aBibliogr. s. 163-166.
655 4 _aPodręczniki akademickie
650 4 _aMultimedia
700 1 _aPamuła, Jan
_d(1944- ).
700 1 _aDański, Mariusz
_d(1973- ).
856 _uhttp://koha.tu.koszalin.pl/cgi-bin/koha/opac-detail.pl?biblionumber=55855
_yKatalog online BPK
942 _cKS
_2UKD
999 _c55855
_d55855